Wszystkie drużyny Euro 2016 - Statystyki

Ogólne statystyki
  • Ten quiz został rozwiązany 117 razy
  • Średni wynik to 21 z 24
Statystyki odpowiedzi
Grupa Reprezentacja % Poprawnych
A Francja
99%
C Polska
99%
F Portugalia
99%
D Hiszpania
96%
C Niemcy
96%
C Ukraina
96%
D Czechy
93%
E Irlandia
92%
A Szwajcaria
92%
E Szwecja
92%
E Włochy
92%
B Anglia
90%
E Belgia
90%
B Słowacja
89%
B Rosja
88%
D Chorwacja
85%
B Walia
85%
F Austria
79%
F Węgry
79%
C Irlandia Północna
78%
F Islandia
78%
A Albania
76%
A Rumunia
75%
D Turcja
69%
Nie znaleziono quizów pasujących do podanych kryteriów
Rozkład punktacji
Procent ludzi z każdym wynikiem
Percentyl według liczby udzielonych odpowiedzi
Twoja historia wyników
Nie rozwiązałeś tego quizu